| 000 | 01872nam a2200481 i 4500 | ||
|---|---|---|---|
| 001 | 4403 | ||
| 003 | KOSZ 005 | ||
| 005 | 20220824101118.0 | ||
| 008 | 971016s1989 pl a |000 0 pol d | ||
| 020 | _a8322003455 | ||
| 040 |
_aWA N _cWA N _dKOSZ 005/HR |
||
| 046 | _k1989 | ||
| 080 | _a528.9 | ||
| 080 | _a55 | ||
| 080 | _a(075.3) | ||
| 245 | 0 | 0 |
_aKartografia geologiczna. _nCz. 3, _pGeologiczna kartografia powierzchniowa. Geologiczna kartografia wgłębna / _cW. Słowański, Z. Kotański, M. Hakenberg, C. Królikowski, S. Szczypa. |
| 246 | 3 | 0 | _aGeologiczna kartografia powierzchniowa |
| 246 | 3 | 0 | _aGeologiczna kartografia wgłębna |
| 260 |
_aWarszawa : _bWydawnictwa Geologiczne, _c1989. |
||
| 300 |
_a343, [1] s., [18] k. tabl. fot. : _bmapy, pl., rys., wykr. ; _c21 cm. |
||
| 336 |
_aTekst _btxt _2rdacontent |
||
| 337 |
_aBez urządzenia pośredniczącego _bn _2rdamedia |
||
| 338 |
_aWolumin _bnc _2rdacarrier |
||
| 380 | _aKsiążki | ||
| 380 | _aPublikacje dydaktyczne | ||
| 385 |
_mPoziom nauczania _aTechnikum |
||
| 388 | _a1901-2000 | ||
| 388 | _a1989-2000 | ||
| 521 | _aDla uczniów techników geologicznych, specjalność Geologia poszukiwawcza. | ||
| 650 | 7 |
_aGeodezja _2DBN |
|
| 650 | 7 | _aGeologia poszukiwawcza | |
| 650 | 7 |
_aKartografia geologiczna _2DBN |
|
| 655 | 7 |
_aPodręczniki dla szkół zawodowych _2DBN |
|
| 658 | _aGeografia i nauki o Ziemi | ||
| 700 | 1 |
_aSłowański, Władysław _d(1934-1985) _eAutor |
|
| 700 | 1 |
_aKotański, Zbigniew _d(1927-2005) _eAutor |
|
| 700 | 1 |
_aHakenberg, Maciej _eAutor |
|
| 700 | 1 |
_aKrólikowski, Czesław _eAutor |
|
| 700 | 1 |
_aSzczypa, S. _eAutor |
|
| 710 | 2 | _aWydawnictwa Geologiczne | |
| 856 |
_uhttp://koha.tu.koszalin.pl/cgi-bin/koha/opac-detail.pl?biblionumber=4403 _yKatalog online BPK |
||
| 942 |
_2UKD _cKS |
||
| 999 |
_c4403 _d4403 |
||